The Loneliness of the Long Distance Runner (Запис номер 39902)
[ съкратено ]
| 000 -Лидер | |
|---|---|
| Контролно поле с фиксирана дължина | 00843nam a2200277 c 4500 |
| 003 - Код на организацията, давaща контролен номер | |
| Контролно поле | BLK |
| 005 - Дата и час на последна редакция | |
| Контролно поле | 20181012141251.0 |
| 008 - Елементи от данни с фиксирана дължина | |
| fixed length control field | 180408b bul|||||r ||||||| ||bul|| |
| 010 ## - Наследен системен номер | |
| LC control number | KNG00043285000 |
| 020 ## - Международен стандартен номер на книга ISBN | |
| Международен стандартен номер на книга ISBN | 0-586-09241-2 |
| -- | издат.: Flamingo |
| 040 ## - Източник на каталожния запис | |
| Идентификатор на билиотеката - собственик на записа | BLK |
| 041 ## - Код за език | |
| Код за езика на текст/звукозапис или на отделно заглавие | Английски |
| Код за езика КДБФ | Английски |
| 080 ## - УДК | |
| Текстов определител УДК | Английска литература |
| УДК код - определител по УДК | 821.111 |
| УДК определител | -32 |
| УДК - код + определител | 821.111-32 |
| 100 1# - Редна дума - Автор | |
| Автор | Sillitoe, Alan |
| Авторска отговорност | първи автор |
| R(LIN) | 24455 |
| 139 ## - Редно поле | |
| Редна дума | Sillitoe, Alan |
| Авторски знак | Sil - S 60 |
| 245 10 - Сведения за заглавието | |
| Заглавие | The Loneliness of the Long Distance Runner |
| Редно поле (дума) | Alan Sillitoe. |
| 257 ## - Страна на издаване | |
| Страна на създаване/издаване | Великобритания |
| 260 ## - Област на издателските данни | |
| -- | London |
| Име на издателя, разпространителя и проч. | Flamingo |
| Година на издаване | 1994 |
| 300 ## - Физическа характеристика | |
| Страници | 174 c. |
| Размери/Мащаб | 20 cm |
| 380 ## - Жанр | |
| Жанр | Худож. лит. |
| 852 ## - Местоположение | |
| Форматна сигнатура | Цб 184079 |
| 856 4# - Електронен адрес и достъп | |
| Електронен формат | pdf - файл |
| Път до файла /url/ | |
| 856 4# - Електронен адрес и достъп | |
| Електронен формат | pdf - файл |
| Път до файла /url/ | |
| 942 ## - АРТИКУЛИ | |
| Вид на библиотечния материал | Книги |
| Скрит в OPAC | Не |
| Koha issues (borrowed), all copies | 1 |
| 944 ## - СЪЗДАВАНЕ И РЕДАКЦИЯ на ЗАПИСА | |
| Създаване/Редакция | Създаване |
| Дата на регистрацията/редакция | 15.01.2003 |
| Служител, извършил регистрацията/редакцията | Валентина_Караджова |
| 944 ## - СЪЗДАВАНЕ И РЕДАКЦИЯ на ЗАПИСА | |
| Създаване/Редакция | Редакция |
| Дата на регистрацията/редакция | 06.02.2016 |
| Служител, извършил регистрацията/редакцията | Теодора_Стоянова |
| 999 ## - СИСТЕМНИ КОНТРОЛНИ НОМЕРА | |
| Koha biblionumber | 39902 |
| Koha biblioitemnumber | 39902 |
| Код за отписване | Код за изгубен артикул | Код за повреда | Коз за рестрикции | Код за отдаване | Артикулен № | Име на библиотеката - собственик | Име на библиотеката, в която се намира в момента | Статус (Текущо местоположение) | Дата на вписване в системата | Местоположение - отдел | Цена в лева | Инвентарен номер | Систематично азбучна сигнатура | Баркод | Номер на екземпляра | Цена в евро | Служебен тип на артикула | Бележка за публиката | Служебна бележка |
|---|---|---|---|---|---|---|---|---|---|---|---|---|---|---|---|---|---|---|---|
| Изтеглен | Не е изгубен | Не е повреден | без рестрикции | заемане за дома | 62452 | Регионална библиотека "Любен Каравелов" Русе | Регионална библиотека "Любен Каравелов" Русе | 2001-01-01 | ЧЧЗО - англ. ез. - Британски съвет | 9.00 | 615646 | Ч3 820-32/S 60 | 615646 | 1 | 4.60 | Книги | Отч.N: 61/2017 , Дата: 13.11.2017 | ||
| Не е изгубен | Не е повреден | без рестрикции | заемане за дома | 62453 | Регионална библиотека "Любен Каравелов" Русе | Регионална библиотека "Любен Каравелов" Русе | ЧЧЗО - англ. ез. - Британски съвет | 2001-01-01 | ЧЧЗО - англ. ез. - Британски съвет | 0.00 | 626460 | Ч3 820-32/S 60 | 626460 | 2 | 0.00 | Книги | Дата инв: 13.03.2015 Бележки инв: Ч32015 |